书目信息 |
| 题名: |
工程精益管理
|
|
| 作者: | 朱永庚 , 王立林 , 董树本 , 王永胜 编著 | |
| 分册: | ||
| 出版信息: | 天津 天津大学出版社 2009.09 |
|
| 页数: | 224页 | |
| 开本: | 26cm | |
| 丛书名: | 水管单位精细化管理系列丛书 | |
| 单 册: | ||
| 中图分类: | F426.9 | |
| 科图分类: | ||
| 主题词: | 水利工程--管理--中国 | |
| 电子资源: | ||
| ISBN: | 978-7-5618-3228-8 | |
| 000 | 00938nam0 2200277 450 | |
| 001 | 012010610778 | |
| 005 | 20100613153252.92 | |
| 010 | @a978-7-5618-3228-8@dCNY42.00 | |
| 100 | @a20100515d2009 em y0chiy0110 ea | |
| 101 | 0 | @achi |
| 102 | @aCN@b120000 | |
| 105 | @ay z 000yy | |
| 200 | 1 | @a工程精益管理@Agong cheng jing yi guan li@f朱永庚 … [等] 编著 |
| 210 | @a天津@c天津大学出版社@d2009.09 | |
| 215 | @a224页@d26cm | |
| 225 | 1 | @a水管单位精细化管理系列丛书@v6 |
| 304 | @a编著者还有:王立林、董树本、王永胜等 | |
| 330 | @a本书从工程管理、维修工程管理、科技管理、考核管理以及日常管理等方面系统阐述了工程管理工作在精益管理方面的做法和经验。 | |
| 606 | 0 | @a水利工程@x管理@y中国 |
| 690 | @aF426.9@v4 | |
| 701 | 0 | @a朱永庚@Azhu yong geng@4编著 |
| 701 | 0 | @a王立林@Awang li lin@4编著 |
| 701 | 0 | @a董树本@Adong shu ben@4编著 |
| 701 | 0 | @a王永胜@Awang yong sheng@4编著 |
| 801 | 0 | @aCN@c20100515 |
| 905 | @dF426.9@eZ892@f3 | |
| 工程精益管理/朱永庚 … [等] 编著.-天津:天津大学出版社,2009.09 |
| 224页;26cm.-(水管单位精细化管理系列丛书;6) |
| ISBN 978-7-5618-3228-8:CNY42.00 |
| 本书从工程管理、维修工程管理、科技管理、考核管理以及日常管理等方面系统阐述了工程管理工作在精益管理方面的做法和经验。 |
| ● |
| 相关链接 |
|
|
|
正题名:工程精益管理
索取号:F426.9/Z892
 
预约/预借
| 序号 | 登录号 | 条形码 | 馆藏地/架位号 | 状态 | 备注 |
| 1 | 987235 | 209872351 | 社科库409/409社科库 37排1列2层/ [索取号:F426.9/Z892] | 在馆 | |
| 2 | 987236 | 209872360 | 社科二线422/409社科库 37排1列2层/ [索取号:F426.9/Z892] | 在馆 | |
| 3 | 987237 | 209872379 | 社科库409/409社科库 37排1列2层/ [索取号:F426.9/Z892] | 在馆 |